000 00614nam a2200181 a 4500
001 000041135
005 20201002034640.0
008 130919s2003 dr 001 0 spa d
040 _aDO-SdBNP
_bspa
_cBNPHU
082 _axxx
_bA465i
100 1 _aAltamira, Manuel Antonio
_967679
245 1 0 _aImpresiones /
_cManuel Antonio Altamira ; prólogo Oscar López Reyes.
260 _aSanto Domingo :
_bO&M,
_c2003.
300 _a209 p. ;
_c21 cm.
500 _aIncluye datos biográficos del autor en la contracubierta.
700 1 _aLópez Reyes, Oscar
_cpról.
_967680
710 1 2 _aFundación Universitaria O&M.
_967681
999 _c40625
_d40625